Vector mechanics for engineers: Dynamics / (Record no. 10148)
[ view plain ]
| 000 -LEADER | |
|---|---|
| fixed length control field | 00669cam a2200253ua 4500 |
| 041 ## - LANGUAGE CODE | |
| Language code of text/sound track or separate title | eng |
| 082 ## - DEWEY DECIMAL CLASSIFICATION NUMBER | |
| Classification number | 531.112 |
| Item number | BEE/VE |
| 100 ## - MAIN ENTRY--AUTHOR NAME | |
| Personal name | Beer, Ferdinand P. |
| 245 ## - TITLE STATEMENT | |
| Title | Vector mechanics for engineers: Dynamics / |
| 260 ## - PUBLICATION, DISTRIBUTION, ETC. (IMPRINT) | |
| Place of publication | New Delhi : |
| Name of publisher | Tata Mc-Graw Hill Publishing Company , |
| Year of publication | 1996. |
| 300 ## - PHYSICAL DESCRIPTION | |
| Number of Pages | 1045 ; . |
| 500 ## - GENERAL NOTE | |
| General note | 19187, 19188 - CSS |
| 700 1# - ADDED ENTRY--PERSONAL NAME | |
| Personal name | Johnston, Russell E. |
| 942 ## - ADDED ENTRY ELEMENTS (KOHA) | |
| Koha item type | Books |
| Withdrawn status | Lost status | Damaged status | Home library | Current library | Date acquired | Full call number | Accession Number | Koha item type | Shelving location |
|---|---|---|---|---|---|---|---|---|---|
| KAUAET | KAUAET | 07/04/2012 | 531.112 BEE/VE | 19188 | Books | ||||
| KAUAET | KAUAET | 07/04/2012 | 531.112 BEE/VE | 19353 | Books | ||||
| KAUAET | KAUAET | 07/04/2012 | 531.112 BEE/VE | 15724 | Books | Binding Shelf | |||
| KAUAET | KAUAET | 07/04/2012 | 531.112 BEE/VE | 19352 | Books | ||||
| KAUAET | KAUAET | 07/04/2012 | 531.112 BEE/VE | 19187 | Books | ||||
| KAUAET | KAUAET | 26/07/2018 | 531.112 BEE/VE | 19186 | Book Bank scheme for SC students | Scheme |
